Engineering fluid mechanics

Gardado en:
Detalles Bibliográficos
Autor Principal: ROBERSON, John A
Formato: Libro
Idioma:inglés
Publicado: (Mass.) H. Mifflin 1980, 1975
Tags: Engadir etiqueta
Sen Etiquetas, Sexa o primeiro en etiquetar este rexistro!

MARC

LEADER 00000nam a22000007a 4500
008 210120b ||||| |||| 00| 0 eng d
100 |a ROBERSON, John A 
245 |a Engineering fluid mechanics  |c John A. Roberson and Clayton. T. Crowe 
250 |b  2nd ed 
260 |b (Mass.) H. Mifflin  |c 1980, 1975  |h Boston   |i 213543  |l TA357 .R54  |m Fluid mechanics. 
942 |a lcc  |c BK  |e Adeyeye Y. S.  |f 20/01/2021 
952 |0 0  |1 0  |2 lcc  |4 0  |7 0  |9 1326  |a HOL  |b HOL  |c QZ  |d 2021-01-20  |o TA357 .R54  |p 2021-0139  |r 2021-01-20 00:00:00  |w 2021-01-20  |y BK 
999 |c 688  |d 688